<?xml version="1.0" encoding="UTF-8"?>
<record
    xmlns:xsi="http://www.w3.org/2001/XMLSchema-instance"
    xsi:schemaLocation="http://www.loc.gov/MARC21/slim http://www.loc.gov/standards/marcxml/schema/MARC21slim.xsd"
    xmlns="http://www.loc.gov/MARC21/slim">

  <leader>01525nam a2200277 a 4500</leader>
  <controlfield tag="001">77303</controlfield>
  <controlfield tag="003">BD-RjUL</controlfield>
  <controlfield tag="005">20211209082945.0</controlfield>
  <controlfield tag="008">200311s1982    bg ||||| |||| 00| 0 ben d</controlfield>
  <datafield tag="020" ind1=" " ind2=" ">
    <subfield code="c">: TK 85.00 </subfield>
  </datafield>
  <datafield tag="035" ind1=" " ind2=" ">
    <subfield code="a">(BD-RjUL)77528</subfield>
  </datafield>
  <datafield tag="040" ind1=" " ind2=" ">
    <subfield code="a">BD-RjUL</subfield>
    <subfield code="b">ben </subfield>
    <subfield code="c">BD-RjUL</subfield>
    <subfield code="d">BD-RjUL</subfield>
  </datafield>
  <datafield tag="041" ind1=" " ind2=" ">
    <subfield code="a">ben </subfield>
  </datafield>
  <datafield tag="082" ind1=" " ind2=" ">
    <subfield code="2">23 </subfield>
    <subfield code="a">954 </subfield>
    <subfield code="b">ALA 1982</subfield>
  </datafield>
  <datafield tag="100" ind1="1" ind2=" ">
    <subfield code="a">&#x986;&#x9B2;&#x9AC;&#x9C7;&#x9B0;&#x9C1;&#x9A8;&#x9C0;,  &#x986;&#x9AC;&#x9C1; &#x9B0;&#x9BE;&#x9AF;&#x9BC;&#x9B9;&#x9BE;&#x9A8; &#x9AE;&#x9C1;&#x9B9;&#x9AE;&#x9CD;&#x9AE;&#x9A6; &#x9AC;&#x9BF;&#x9A8; &#x986;&#x9B9;&#x9AE;&#x9A6;</subfield>
    <subfield code="9">135405</subfield>
  </datafield>
  <datafield tag="245" ind1="1" ind2="0">
    <subfield code="a">&#x986;&#x9B2;&#x9AC;&#x9C7;&#x9B0;&#x9C1;&#x9A8;&#x9C0;&#x9B0; &#x9AD;&#x9BE;&#x9B0;&#x9A4;-&#x9A4;&#x9A4;&#x9CD;&#x9A4;&#x9CD;&#x9AC; :</subfield>
    <subfield code="b">&#x986;&#x9AC;&#x9C1; &#x9B0;&#x9BE;&#x9AF;&#x9BC;&#x9B9;&#x9BE;&#x9A8; &#x9AE;&#x9C1;&#x9B9;&#x9AE;&#x9CD;&#x9AE;&#x9A6; &#x9AC;&#x9BF;&#x9A8; &#x986;&#x9B9;&#x9AE;&#x9A6; &#x986;&#x9B2;&#x9AC;&#x9C7;&#x9B0;&#x9C1;&#x9A8;&#x9C0;&#x9B0; &#x9E7;&#x9E6;&#x9E9;&#x9E7; &#x996;&#x9CD;&#x9B0;&#x9BF;&#x9B7;&#x9CD;&#x9A0;&#x9BE;&#x9AC;&#x9CD;&#x9A6;&#x9C7; &#x9B2;&#x9BF;&#x996;&#x9BF;&#x9A4; &#x997;&#x9CD;&#x9B0;&#x9A8;&#x9CD;&#x9A5;&#x9C7;&#x9B0; &#x985;&#x9A8;&#x9C1;&#x9AC;&#x9BE;&#x9A6; /</subfield>
    <subfield code="c">&#x986;&#x9AC;&#x9C1; &#x9B0;&#x9BE;&#x9AF;&#x9BC;&#x9B9;&#x9BE;&#x9A8; &#x9AE;&#x9C1;&#x9B9;&#x9AE;&#x9CD;&#x9AE;&#x9A6; &#x9AC;&#x9BF;&#x9A8; &#x986;&#x9B9;&#x9AE;&#x9A6; &#x986;&#x9B2;&#x9AC;&#x9C7;&#x9B0;&#x9C1;&#x9A8;&#x9C0; ; &#x986;&#x9AC;&#x9C1; &#x9AE;&#x9B9;&#x9BE;&#x9AE;&#x9C7;&#x9A6; &#x9B9;&#x9AC;&#x9BF;&#x9AC;&#x9C1;&#x9B2;&#x9CD;&#x9B2;&#x9BE;&#x9B9; &#x995;&#x9B0;&#x9CD;&#x9A4;&#x9C3;&#x995; &#x9AE;&#x9C2;&#x9B2; &#x986;&#x9B0;&#x9AC;&#x9C0; &#x9A5;&#x9C7;&#x995;&#x9C7; &#x985;&#x9A8;&#x9C2;&#x9A6;&#x9BF;&#x9A4;</subfield>
  </datafield>
  <datafield tag="250" ind1=" " ind2=" ">
    <subfield code="a">&#x9E8;&#x9AF;&#x9BC; &#x9AA;&#x9CD;&#x9B0;&#x995;&#x9BE;&#x9B6; (&#x9B8;&#x982;.)</subfield>
  </datafield>
  <datafield tag="260" ind1=" " ind2=" ">
    <subfield code="a">&#x9A2;&#x9BE;&#x995;&#x9BE; :</subfield>
    <subfield code="b">&#x9AC;&#x9BE;&#x982;&#x9B2;&#x9BE; &#x98F;&#x995;&#x9BE;&#x9A1;&#x9C7;&#x9AE;&#x9C0;, </subfield>
    <subfield code="c">&#x9E7;&#x9EF;&#x9EE;&#x9E8;</subfield>
  </datafield>
  <datafield tag="300" ind1=" " ind2=" ">
    <subfield code="a">[&#x9E9;&#x9E8;], &#x9EB;&#x9E9;&#x9EC; &#x9AA;&#x9C3;. :</subfield>
    <subfield code="b">&#x99A;&#x9BF;&#x9A4;&#x9CD;&#x9B0; ;</subfield>
    <subfield code="c">&#x9E8;&#x9E7; &#x9B8;&#x9C7;&#x9AE;&#x9BF;. </subfield>
  </datafield>
  <datafield tag="490" ind1=" " ind2=" ">
    <subfield code="a">&#x9AC;&#x9BE;&#x98F; ;</subfield>
    <subfield code="v">&#x9E7;&#x9E8;&#x9ED;&#x9EA;</subfield>
  </datafield>
  <datafield tag="650" ind1=" " ind2=" ">
    <subfield code="a">&#x9AD;&#x9BE;&#x9B0;&#x9A4; </subfield>
    <subfield code="9">135406</subfield>
  </datafield>
  <datafield tag="650" ind1=" " ind2=" ">
    <subfield code="a">India </subfield>
    <subfield code="9">135407</subfield>
  </datafield>
  <datafield tag="700" ind1=" " ind2=" ">
    <subfield code="a">&#x9B9;&#x9AC;&#x9BF;&#x9AC;&#x9C1;&#x9B2;&#x9CD;&#x9B2;&#x9BE;&#x9B9;, &#x986;&#x9AC;&#x9C1; &#x9AE;&#x9B9;&#x9BE;&#x9AE;&#x9C7;&#x9A6;, &#x985;&#x9A8;&#x9C1;&#x9AC;&#x9BE;&#x9A6;&#x995; </subfield>
    <subfield code="9">240784</subfield>
  </datafield>
  <datafield tag="830" ind1=" " ind2=" ">
    <subfield code="a">&#x9AC;&#x9BE;&#x98F; ;</subfield>
    <subfield code="v">&#x9E7;&#x9E8;&#x9ED;&#x9EA;</subfield>
    <subfield code="9">240785</subfield>
  </datafield>
  <datafield tag="942" ind1=" " ind2=" ">
    <subfield code="2">ddc</subfield>
    <subfield code="c">BK</subfield>
  </datafield>
  <datafield tag="999" ind1=" " ind2=" ">
    <subfield code="c">77303</subfield>
    <subfield code="d">77303</subfield>
  </datafield>
  <datafield tag="952" ind1=" " ind2=" ">
    <subfield code="0">0</subfield>
    <subfield code="1">0</subfield>
    <subfield code="2">ddc</subfield>
    <subfield code="4">0</subfield>
    <subfield code="7">1</subfield>
    <subfield code="8">RARE</subfield>
    <subfield code="a">RUCL</subfield>
    <subfield code="b">RUCL</subfield>
    <subfield code="c">Rare</subfield>
    <subfield code="d">1987-10-18</subfield>
    <subfield code="e">Dhaka, Bangla Academy</subfield>
    <subfield code="g">85.00</subfield>
    <subfield code="l">0</subfield>
    <subfield code="o">BRA 954  ALA 1982</subfield>
    <subfield code="r">2020-03-11 00:00:00</subfield>
    <subfield code="t">C-1</subfield>
    <subfield code="w">2020-03-11</subfield>
    <subfield code="y">RAR</subfield>
  </datafield>
</record>
